| 000 | 00654nam a22001937a 4500 | ||
|---|---|---|---|
| 999 |
_c181597 _d181597 |
||
| 005 | 20210924144939.0 | ||
| 010 | _aENG-129966 | ||
| 020 |
_c1350.00 _a978-93-5388-734-6 |
||
| 035 | _aEN-113498 | ||
| 037 | _bDBAD/PUB | ||
| 082 | _a331.7630 | ||
| 245 |
_aLand and labour in indian agriculture: _cEdited by Prashant K. Trivedi _bDiscourses on Growth and Equity/ |
||
| 260 |
_bSage _c2021 |
||
| 270 |
_bNew Delhi _aBI/1-1 Mohan Cooperative Industrial Area _e110044 |
||
| 300 |
_axv,347p. _c25cm (hbk) |
||
| 500 | _ainclude index series editor Manoranjan Mohanty | ||
| 700 | _aTrivedi, Prashanat K. | ||
| 942 |
_2ddc _cEN _mLAN _h331.7630 |
||